000 00897nam a22003137a 4500
001 BR7908538
003 BR-BrBNA
005 20230928090358.0
007 ta
008 230509b bl.||||| |||| 00| 0 por d
040 _aBR-BrBNA
_bpor
_cBiblioteca Nacional de Agricultura
041 _a(Por)
072 _aL73
_b4110
090 _ 4110 BR7908538
100 1 _aGontijo Filho, P.P.
100 1 _aFonseca, L. de S.
100 1 _aPalhano Junior, L.
100 1 _aCardoso, C.L.
100 1 _aBarreto, A.M.W.
110 1 _aSociedade Brasileira de Microbiologia, Sao Paulo, SP
_99771
245 1 _aMicobacterias. Manual de tecnicas e procedimentos basicos [doenca bacteriana]
260 3 _aSao Paulo, SP (Brasil):
_c1979.
300 _a35 p.
500 _a6 tables; 21 ref.
650 _aMICOBACTERIA
650 _aINOCULACAO
909 _a202309
_bLucia
_c55
_dLucia Elande
942 _cBK
999 _c28627
_d28627